Producing for TV and video : a real-world approach

Αποθηκεύτηκε σε:
Λεπτομέρειες βιβλιογραφικής εγγραφής
Κύριος συγγραφέας: Kellison, Cathrine
Μορφή: Βιβλίο
Γλώσσα:English
Δημοσίευση: Boston : Elsevier/Focal Press, 2006
Θέματα:
Ετικέτες: Προσθήκη ετικέτας
Δεν υπάρχουν, Καταχωρήστε ετικέτα πρώτοι!

MARC

LEADER 00000nam a2200000 i 4500
001 1/101209
008 090212s2006 eng d
020 |a 9780-240-80623-5 
020 |a 0-240-80623-9 
035 |l 10103168 
040 |a GR-MY-UA  |b gre  |e aacr 
041 0 |a eng 
082 0 |a 791.450232  |2 (22) 
100 1 |a Kellison, Cathrine. 
245 1 0 |a Producing for TV and video :  |b a real-world approach /  |c Cathrine Kellison 
260 |a Boston :   |b Elsevier/Focal Press,   |c 2006 
300 |a xvii, 281 σ.;  |c 25 εκ.+  |e 1 οπτική δισκέτα λέϊζερ Η/Υ (4 3/4 ίν.) 
504 |a Βιβλιογραφία: σ. 261-269 
504 |a Ευρετήριο: σ. [271]-281 
650 0 0 |a Television  |x Production and direction. 
650 0 0 |a Video recordings  |x Production and direction. 
852 |a INST  |b LESVOS  |e 20090212  |h 791.450232 KEL  |p 005100043921  |q 005100043921  |t BK  |y 0 
852 |a INST  |b LESVOS  |e 20090212  |h 791.450232 KEL   |p 005100043922  |q 005100043922  |t BK  |y 0 
901 |a BIBL1-2009-1 
909 |a Λ  |b 153956 
909 |a Λ  |b 137589 
922 |a 1ΕΛΗ  |b 200809  |c ΕΠΕΑΕΚ2/ΠΤΕ  |d ΜΙΧΑΛΟΠΟΥΛΣ 
970 |a ΚΑΡΑ  |b ΓΙΑΣΕΜΗ  |z 2009/02/12